00743pam a2200253 a 4500001000500000005001700005020001800022020001500040040002300055050001500078082001100093100002000104245006400124250002500188260001500213300005300228505000800281520008900289521002000378521002000398650002300418650002600441650002200467239220250321084623.0 a9780439063678 a0803718365 aDLCcDLCdDLCbeng00aPZ8.3.W46500a813.541 aWells, Rosemary10aNoisy Nora /cwith all new illustrations by Rosemary Wells aPrinted in the U.S.A bScholastic a26 unnumbered pagesbColor illustrations c28 cm aG  aFeeling neglected, Nora makes more and more noise to attract her parents' attention. a320 bLexile  aG bRaz-Plus  1aBehaviorxFiction. 1aFamily lifexFiction. 1aStories in rhyme.